uoiu的“地级行政区地点统计”系列中出现过的统计 地雷模式 - Statistics

General Stats
  • This quiz has been taken 19 times
  • The average score is 7 of 50
Answers on the Grid
Answers color-coded by a green-red scale on the quiz's grid according to % correct below.
丝绸
养殖场
农家乐
凉粉
古镇
土菜馆
地锅鸡
大盘鸡
寺庙
峡谷
工厂
抄手
拌面
收费站
板面
林场
民宿
水果捞
汉服
河鲜
油田
泡馍
海滩
澡堂
炒饭
烧鸡
热干面
煎包
煤矿
牛杂
牦牛
牧场
玩具
瓦罐汤
粿条
羊肉汤
肉饼
肥肠
莜面
轮渡
辣子鸡
酸汤
铁矿
锅巴
陶瓷
面筋
饸饹
驴肉
鳜鱼
鸡架
监狱
学校
网红
锅包肉
烤冷面
炒货
奶茶
靓粥
酸嘢
咖啡
停车场
批发
研究所
五金
厕所
情趣
蛋糕
连锁
服装
辅导班
国潮
饺子
自助
酸菜
发糕
甑糕
沙茶
胡辣汤
烧饼
红枣
 
Answer Stats
Answer % Correct
古镇
40%
热干面
40%
羊肉汤
40%
泡馍
33%
土菜馆
27%
板面
27%
汉服
27%
粿条
27%
莜面
27%
地锅鸡
20%
抄手
20%
炒饭
20%
饸饹
20%
鸡架
20%
大盘鸡
13%
收费站
13%
林场
13%
油田
13%
瓦罐汤
13%
肉饼
13%
肥肠
13%
辣子鸡
13%
锅巴
13%
陶瓷
13%
面筋
13%
驴肉
13%
养殖场
7%
农家乐
7%
凉粉
7%
寺庙
7%
工厂
7%
民宿
7%
水果捞
7%
海滩
7%
澡堂
7%
烧鸡
7%
煎包
7%
牛杂
7%
牦牛
7%
玩具
7%
轮渡
7%
酸汤
7%
鳜鱼
7%
丝绸
0%
峡谷
0%
拌面
0%
河鲜
0%
煤矿
0%
牧场
0%
铁矿
0%
No matching quizzes found
Score Distribution
Percent of People with Each Score
Percentile by Number Answered
Your Score History
You have not taken this quiz